000 00808cam a2200229 i 4500
999 _c57768
_d57768
001 19385670
005 20221108163302.0
008 161125s2017 enk b 001 0 eng
020 _a9781138123205 (pbk.) X
080 _a81'255.2 G-58
100 1 _aGillies, Andrew,
_d1971-
_eauthor.
_99728
245 1 0 _aNote-taking for consecutive interpreting :
_ba short course /
_cAndrew Gillies.
250 _aSecond edition.
264 1 _aNew York :
_bRoutledge/Taylor & Francis Group,
_c2017.
300 _a289 pages ;
_c24 cm.
490 0 _aTranslation practices explained
650 0 _aTranslating and interpreting.
_99729
650 0 _aNote-taking.
_99730
653 _a თარგმნა და ინტერპრეტაცია
653 _aლინგვისტიკა
942 _2udc
_cBK